| 000 | 00431nam a2200157 i 4500 | ||
|---|---|---|---|
| 001 | 61028 | ||
| 003 | ES-MaACL | ||
| 005 | 20230906164342.0 | ||
| 007 | t| | ||
| 008 | 031110s1969 sp ||||1| spa d | ||
| 245 | 0 | 0 |
_aEstudios de moral bĂblica / _cJ. Endres ... [et al.]. |
| 260 |
_aMadrid : _bEl Perpetuo Socorro, _c[1969] |
||
| 300 |
_a144 p. ; _c17 cm. |
||
| 700 | 1 |
_aEndres, J. _947205 |
|
| 852 |
_aES-MaACL _jC-36683 _bR.70364 |
||
| 999 |
_c61028 _d61028 |
||